[Event "Paracin Summer op-B 10th"]
[Site "Paracin"]
[Date "2017.07.07"]
[Round "1"]
[White "Rajic, Milovan"]
[Black "Jakovljevic, Dejan"]
[Result "0-1"]
[WhiteElo "1752"]
[BlackElo "2087"]
[PlyCount "76"]
[EventDate "2017.07.07"]
[EventType "swiss"]
[EventRounds "9"]
[EventCountry "SRB"]
[SourceTitle "EXT 2020"]
[Source "ChessBase"]
[SourceDate "2019.10.17"]
[SourceVersion "1"]
[SourceVersionDate "2019.10.17"]
[SourceQuality "1"]

1. d4 Nf6 2. c4 c5 3. d5 e6 4. Nc3 exd5 5. cxd5 d6 6. e4 g6 7. Nf3 Bg7 8. Be2 0-0 9. 0-0 Re8 10. Nd2 Nbd7 11. f4 a6 12. a4 Rb8 13. Qc2 Nb6 14. a5 Na8 15. b3 Ng4 16. Bxg4 Bxg4 17. Bb2 Bd4+ 18. Kh1 Nc7 19. Nf3 Bxf3 20. Rxf3 Qf6 21. Raf1 Nb5 22. Nxb5 axb5 23. e5 dxe5 24. Bxd4 cxd4 25. fxe5 Qxe5 26. Rxf7 Rbc8 27. Qd3 Qxd5 28. R7f4 Rcd8 29. h3 Re3 30. Qd2 Rxh3+ 31. Kg1 Re3 32. Qb4 Ree8 33. Rd1 d3 34. Rf2 Re4 35. Qc3 Qd4 36. Qc7 Rf8 37. Qg3 Ref4 38. Rdf1 d2 0-1

[Event "Paracin-ch"]
[Site "Paracin"]
[Date "2015.01.15"]
[Round "1"]
[White "Cvetanovic, Uros"]
[Black "Rajic, Milovan"]
[Result "1-0"]
[WhiteElo "2299"]
[BlackElo "1748"]
[PlyCount "43"]
[EventDate "2015.01.15"]
[EventType "swiss"]
[EventRounds "7"]
[EventCountry "SRB"]
[SourceTitle "CBM 164 Extra"]
[Source "ChessBase"]
[SourceDate "2015.03.02"]
[SourceVersion "1"]
[SourceVersionDate "2015.03.02"]
[SourceQuality "1"]

1. e4 d5 2. exd5 Qxd5 3. Nc3 Qd6 4. d4 Nf6 5. Bc4 Bg4 6. f3 Bh5 7. Nge2 c6 8. Bf4 Qd8 9. h4 h6 10. Bd3 Nd5 11. g4 Bg6 12. Bxg6 fxg6 13. Qd3 Kf7 14. Nxd5 cxd5 15. Be5 e6 16. Nf4 Nc6 17. Qxg6+ Kg8 18. Qxe6+ Kh7 19. g5 h5 20. g6+ Kh6 21. Qf5 Nxe5 22. Qxh5# 1-0

[Event "SRB Central-ch op-B 5th"]
[Site "Paracin"]
[Date "2012.07.10"]
[Round "5"]
[White "Rajic, Milovan"]
[Black "Radovic, Luka"]
[Result "1/2-1/2"]
[WhiteElo "1865"]
[BlackElo "1982"]
[PlyCount "68"]
[EventDate "2012.07.06"]
[EventType "swiss"]
[EventRounds "9"]
[EventCountry "SRB"]
[SourceTitle "CBM 149 Extra"]
[Source "ChessBase"]
[SourceDate "2012.08.24"]
[SourceVersion "1"]
[SourceVersionDate "2012.08.24"]
[SourceQuality "1"]

1. d4 d5 2. c4 c6 3. e3 Nf6 4. Nc3 e6 5. a3 Nfd7 6. Qc2 Bd6 7. Nf3 0-0 8. b3 Qe7 9. Be2 e5 10. dxe5 Nxe5 11. Nxe5 Bxe5 12. Bb2 Be6 13. Nb1 Nd7 14. Nd2 Qf6 15. Bxe5 Nxe5 16. 0-0 Bf5 17. Qd1 Rfd8 18. Qc1 Qg6 19. Rd1 Bc2 20. Rf1 Bd3 21. Bxd3 Qxd3 22. Rd1 Qf5 23. Qc3 Qf6 24. Qc2 dxc4 25. Nxc4 Nxc4 26. Qxc4 g6 27. Rac1 Rac8 28. Rxd8+ Qxd8 29. Qd4 Qa5 30. Qf4 Qd5 31. g3 c5 32. Qc4 Qe5 33. a4 b6 34. h4 h5 1/2-1/2